000 01089nam a2200313 i 4500
003 DO-SdBNP
005 20250416131449.0
007 ta
008 130919s2022 dr 000 j spa d
020 _a9789945635423
040 _aDO-SdBNP
_bspa
_cBNPHU
_erda
041 _hspa
082 4 _aRD863.44
_bM647v
_222
100 1 _aMiller, Jeannette,
_d1944-
_983484
_eautora
245 1 3 _aLa vida es otra cosa /
_cJeannette Miller ; introducción, Marcio Veloz Maggiolo
264 1 _aSanto Domingo :
_bSantuario,
_c2022.
300 _a181 páginas ;
_c24 cm.
336 _atexto
_btxt
_2rdacontent
337 _2rdamedia
_asin mediación
_bn
338 _2rdacarrier
_avolumen
_bnc
500 _aIncluye datos biográficos de la autora en las solapas
586 _aFinalista premio internacional de novela Casa de Teatro 2005
590 _aInventariado, 2022/ YL
650 0 _aNovela dominicana
_9223
650 4 _aLiteratura dominicana
700 1 _aVeloz Maggiolo, Marcio,
_d1936-2021
_eintroducción
_91104
910 _aYLockward/Validado. Control de calidad MFF
942 _2ddc
_cLBS1
999 _c52957
_d52957